000 00530nam a2200193 a 4500
999 _c5482
_d5482
003 BD-JhCC
005 20171217111845.0
008 171217s19601962j a|||| || | 000 0 eng d
035 _a(BD-JhCC)
040 _aBD-JhCC
_dBD-JhCC
041 _aeng
082 _a507.8
_bsci 1962
245 _aScince Experiments with Simple Equipment /
_cModern Asia Edition
260 _aTokyo :
_bCharles E. Tuttle Company,
_c1962.
300 _a221 p .:
_bill. ;
_c23 cm.
650 _aScience
_xExperiments
942 _2ddc
_cBK